000 00411nam a22001697a 4500
003 MPLRDC
005 20220104143210.0
008 210129b ||||| |||| 00| 0 eng d
082 _a357.81 WS
100 _a王曙
245 _a金刚石的秘密: 矿物趣话
_c
250 _a一版一刷
260 _a
_b地质出版社
_c1981
300 _b
650 _a矿物学--钻石
942 _cBK
_o357.81 WS
999 _c37571
_d37561